Technical drawing / (Record no. 19532)
[ view plain ]
| 000 -LEADER | |
|---|---|
| fixed length control field | 00826nam a22002297a 4500 |
| 008 - FIXED-LENGTH DATA ELEMENTS--GENERAL INFORMATION | |
| fixed length control field | 240305b ||||| |||| 00| 0 eng d |
| 020 ## - INTERNATIONAL STANDARD BOOK NUMBER | |
| International Standard Book Number | 9814119970 |
| 082 ## - DEWEY DECIMAL CLASSIFICATION NUMBER | |
| Classification number | DC 604.2 |
| Item number | G36t 2003 |
| 100 ## - MAIN ENTRY--PERSONAL NAME | |
| Personal name | Giesecke, Frederick E. |
| 9 (RLIN) | 54027 |
| 245 ## - TITLE STATEMENT | |
| Title | Technical drawing / |
| Statement of responsibility, etc. | Frederick E. Giesecke and five others. |
| 250 ## - EDITION STATEMENT | |
| Edition statement | 12th edition. |
| 260 ## - PUBLICATION, DISTRIBUTION, ETC. (IMPRINT) | |
| Place of publication, distribution, etc. | Singapore : |
| Name of publisher, distributor, etc. | Prentice Hall, |
| Date of publication, distribution, etc. | ©2003. |
| 300 ## - PHYSICAL DESCRIPTION | |
| Extent | ix, 702 pages : |
| Other physical details | illustrations ; |
| Dimensions | 24 cm. |
| 500 ## - GENERAL NOTE | |
| General note | Includes bibliographical references and index.<br/> |
| 650 ## - SUBJECT ADDED ENTRY--TOPICAL TERM | |
| Topical term or geographic name as entry element | Mechanical drawing. |
| 9 (RLIN) | 54028 |
| 700 ## - ADDED ENTRY--PERSONAL NAME | |
| Personal name | Mitchell, Alva, |
| Relator term | author. |
| 9 (RLIN) | 54029 |
| 700 ## - ADDED ENTRY--PERSONAL NAME | |
| Personal name | Spencer, Henry Cecil, |
| Relator term | author. |
| 9 (RLIN) | 54030 |
| 700 ## - ADDED ENTRY--PERSONAL NAME | |
| Personal name | Hill, Ivan Leroy, |
| Relator term | author. |
| 9 (RLIN) | 54031 |
| 700 ## - ADDED ENTRY--PERSONAL NAME | |
| Personal name | Dygdon, John Thomas, |
| Relator term | author. |
| 9 (RLIN) | 54032 |
| 700 ## - ADDED ENTRY--PERSONAL NAME | |
| Personal name | Novak, James E., |
| Relator term | author. |
| 9 (RLIN) | 54033 |
| 942 ## - ADDED ENTRY ELEMENTS (KOHA) | |
| Source of classification or shelving scheme | Dewey Decimal Classification |
| Koha item type | Circulation |
| Withdrawn status | Lost status | Source of classification or shelving scheme | Damaged status | Not for loan | Collection code | Home library | Current library | Date acquired | Source of acquisition | Cost, normal purchase price | Total Checkouts | Full call number | Barcode | Date last seen | Price effective from | Koha item type |
|---|---|---|---|---|---|---|---|---|---|---|---|---|---|---|---|---|
| Dewey Decimal Classification | Circulation | UM Digos College - LIC | UM Digos College - LIC | 09/01/2007 | Purchased | 675.00 | DC 604.2 G36t 2003 | 19233 | 05/15/2025 | 03/05/2024 | Circulation |
